00531nam a22001817a 450000500170000001000150001702000260003203500140005803700090007208200130008110000200009424500890011425000060020326000310020927000570024030000260029770000260032320260116102857.0 aENG-147497 a9789364445078c995.00 aEN-131029 bDBAD 22a651.7 aRentz, Kathryn  aBusiness Communication: A Problem-Solving Approach/cKathryn Rentz [and] Paula Lentz a2 aChennaibMcGraw Hillc2026 a5/90 A, Butt Road, St. Thomas MountbChennaie600016 avpp.c28cm(pb)bIndex aLentz, Paula eAuthor